|
|
|
|
| LEADER |
00000cam a22000004a 4500 |
| 001 |
musev2_38341 |
| 003 |
MdBmJHUP |
| 005 |
20230905044029.0 |
| 006 |
m o d |
| 007 |
cr||||||||nn|n |
| 008 |
150420t19881988nyu o 00 0 eng d |
| 020 |
|
|
|a 9781610441445
|
| 020 |
|
|
|z 9780871542083
|
| 035 |
|
|
|a (OCoLC)907642595
|
| 040 |
|
|
|a MdBmJHUP
|c MdBmJHUP
|
| 100 |
1 |
|
|a Crespi, Irving,
|e author.
|
| 245 |
1 |
0 |
|a Pre-Election Polling :
|b Sources of Accuracy and Error /
|c Irving Crespi.
|
| 264 |
|
1 |
|a New York :
|b Russell Sage Foundation,
|c [1988]
|
| 264 |
|
3 |
|a Baltimore, Md. :
|b Project MUSE,
|c 2016
|
| 264 |
|
4 |
|c ©[1988]
|
| 300 |
|
|
|a 1 online resource (217 pages).
|
| 336 |
|
|
|a text
|b txt
|2 rdacontent
|
| 337 |
|
|
|a computer
|b c
|2 rdamedia
|
| 338 |
|
|
|a online resource
|b cr
|2 rdacarrier
|
| 505 |
0 |
|
|a List of Tables ; 1. Introduction ; 2. Design and Conduct of the Research ; 3. Sampling ; 4. Turnout ; 5. Determining Candidate Preference ; 6. Saliency, Cognition, and Commitment ; 7. Stability and Lability of Voting Preferences ; 8. Characteristics of Polling Organizations ; 9. A Multivariate Analysis ; 10. Conclusions ; Questionnaire: Survey of Standard Methodology Employed in Pre-Election Polls ; References ; Index
|
| 588 |
|
|
|a Description based on print version record.
|
| 650 |
|
7 |
|a Demoskopie
|2 gnd
|
| 650 |
|
7 |
|a Wahl
|2 gnd
|
| 650 |
|
7 |
|a Public opinion polls.
|2 fast
|0 (OCoLC)fst01082803
|
| 650 |
|
7 |
|a SOCIAL SCIENCE
|x General.
|2 bisacsh
|
| 650 |
|
7 |
|a public opinion polls.
|2 aat
|
| 650 |
|
6 |
|a Sondages d'opinion.
|
| 650 |
|
2 |
|a Public Opinion
|
| 650 |
|
0 |
|a Public opinion polls.
|
| 655 |
|
7 |
|a Electronic books.
|2 local
|
| 710 |
2 |
|
|a Project Muse.
|e distributor
|
| 830 |
|
0 |
|a Book collections on Project MUSE.
|
| 856 |
4 |
0 |
|z Texto completo
|u https://projectmuse.uam.elogim.com/book/38341/
|
| 945 |
|
|
|a Project MUSE - Custom Collection
|
| 945 |
|
|
|a Project MUSE - Archive Complete Supplement IV
|
| 945 |
|
|
|a Project MUSE - Archive Political Science and Policy Studies Supplement IV
|